Score 0/30 Timer 07:00
0 Plays Today
Celebrity Year Of Death % Correct
John Lennon1980
91.7%
Christopher Reeve 2004
86.1%
Elvis Presley1977
86.1%
Tupac Shakur 1996
84.3%
Marilyn Monroe 1962
81.7%
George Harrison 2001
81.3%
Aaliyah 2001
80.4%
James Dean 1955
78.7%
Jimi Hendrix 1970
78.7%
Janis Joplin 1970
78.7%
River Phoenix 1993
77%
Jim Morrison 1971
76.1%
Lucille Ball1989
73.9%
John Wayne 1979
73.5%
John Ritter 2003
73%
Celebrity Year Of Death % Correct
Liberace 1987
70.4%
John Denver 1997
70.4%
Frank Sinatra1998
70.4%
Walt Disney 1966
66.5%
Alfred Hitchcock 1980
64.8%
Andy Gibb 1988
60.9%
Barry White 2003
58.3%
Don Knotts 2006
57.4%
Nat King Cole1965
56.5%
Frank Zappa 1993
55.7%
Redd Foxx1991
53.9%
Harry Houdini 1926
53.9%
Jackie Gleason 1987
50.9%
Mae West 1980
46.5%
Oliver Hardy 1957
43.9%
Remove Ads.
Support Sporcle.
Get the best of Sporcle when you Go Orange. This ad-free experience offers more features, more stats, and more fun while also helping to support Sporcle. Thank you for becoming a member.

You're not logged in!

Compare scores with friends on all Sporcle quizzes.
OR
Log In

Show Comments

Extras

Created Oct 19, 2010ReportNominate
Tags:Celebrity Quiz, death

Top Quizzes Today


Score Distribution

Your Account Isn't Verified!

In order to create a playlist on Sporcle, you need to verify the email address you used during registration. Go to your Sporcle Settings to finish the process.

Report this User

Report this user for behavior that violates our Community Guidelines.

Details: